Pháp luật về cắt giảm lao động : Luận văn Thạc sĩ Luật học. Chuyên ngành Luật kinh tế

Cung cấp một cách tổng thể các quy định của pháp luật vê cắt giảm lao động đã được quy định trong bộ luật lao động. Trên cơ sở đó, nghiên cứu thực trang để bảo vệ quyên và lợi ich hợp pháp của người lao động cũng như người sử dụng l...

Full description

Saved in:
Bibliographic Details
Main Author: Đoàn, Nguyễn Quốc Vinh
Format: Book
Language:Undetermined
Published: Cần Thơ Trường Đại học Cần Thơ 2019
Subjects:
Tags: Add Tag
No Tags, Be the first to tag this record!
Institutions: Trung tâm Học liệu Trường Đại học Cần Thơ
LEADER 01427nam a2200229Ia 4500
001 CTU_232683
008 210402s9999 xx 000 0 und d
082 |a 344.59701 
082 |b V312 
088 |a 8380107 
100 |a Đoàn, Nguyễn Quốc Vinh 
245 0 |a Pháp luật về cắt giảm lao động : 
245 0 |b Luận văn Thạc sĩ Luật học. Chuyên ngành Luật kinh tế 
245 0 |c Đoàn Nguyễn Quốc Vinh ; Đoàn Thị Phương Diệp (Cán bộ hướng dẫn) 
260 |a Cần Thơ 
260 |b Trường Đại học Cần Thơ 
260 |c 2019 
520 |a Cung cấp một cách tổng thể các quy định của pháp luật vê cắt giảm lao động đã được quy định trong bộ luật lao động. Trên cơ sở đó, nghiên cứu thực trang để bảo vệ quyên và lợi ich hợp pháp của người lao động cũng như người sử dụng lao động để đánh giá được mức độ hợp lý của các quy định của pháp luật đã được áp dụng trên thực tế. 
650 |a Labor laws and legislation,Luật lao động và văn bản pháp luật 
650 |z Vietnam,Việt nam 
910 |b nthai 
980 |a Trung tâm Học liệu Trường Đại học Cần Thơ